00473nam a2200133Ia 4500008004100000100001400041245002100055260002700076300000800103650001200111942001200123999001100135952019300146191201s2019 xx 000 0 und d aARORA, PN 0aTopic in Algebra aN. DelhibSultan Chand a567 aApplied 2ddccBK c73d73 00102ddc40708APPLIEDaPIETbPIETd2014-02-24eDonated by Parul Gupta MBAkDonated by Parul Gupta MBAl0o530 ARTp23023r2019-12-04 00:00:00w2014-02-21yBKzDonated by Parul Gupta MBA